000 01157nam a22002777a 4500
999 _c114860
_d114860
003 dpl
005 20190410160059.0
008 190410b ||||| |||| 00| 0 eng d
010 _aB-067625
020 _c100.00
_a8186185186
035 _aB-067625, B-067629
037 _bCen Lib/Ret
040 _aDPL
_bHN
_c0
082 _a
_bअरोड़ा
100 _aअरोड़ा, प्रीतम
_958709
245 _aपरछाइयाँ :
_cप्रीतम अरोड़ा
_bकहानी संग्रह /
246 _aParchhaiyan : kahani sangreh /
_bby Pritam Arora
260 _aनई दिल्ली
_bसाहित्य भण्डार
_c1992
270 _aबी० 25, गुलमोहर पार्क
_bनई दिल्ली
_e110049
300 _a80पृ.
_c20सेमी (सजिल्द )
650 _aहिंदी साहित्य
_x
_z
_958710
650 _aहिंदी साहित्य--कहानियां
_942761
650 _aHindi literature
_v
_958711
650 _aHindi literature--Stories
_958712
942 _2ddc
_cHN
_h
_mअरोड़ा